| 000 | 00576nam a2200181Ia 4500 | ||
|---|---|---|---|
| 008 | 151018s9999 xx 000 0 und d | ||
| 082 |
_bRBASDV23685 _a914.919 |
||
| 100 | _aशं रा देवळे | ||
| 245 | _aआपले देव आपली दैवत | ||
| 250 | _b1 | ||
| 260 |
_bशकून _c1987 |
||
| 300 | _a109 | ||
| 600 | _aशं रा देवळे | ||
| 630 | _aआपले देव आपली दैवत | ||
| 700 | _aशं रा देवळे | ||
| 730 | _aआपले देव आपली दैवत | ||
| 942 | _cBOOK | ||
| 999 |
_c1023338 _d1023335 |
||